Moeran`s practical conveyancing. (Record no. 96985)

MARC details
000 -LEADER
fixed length control field 00708cam a2200241 4500
008 - FIXED-LENGTH DATA ELEMENTS--GENERAL INFORMATION
fixed length control field 090401t1991 xxu||||| |||| 00| 0 eng d
020 ## - INTERNATIONAL STANDARD BOOK NUMBER
International Standard Book Number 0851218180
035 ## - SYSTEM CONTROL NUMBER
System control number (Sirsi) u84842
041 ## - LANGUAGE CODE
Language code of text/sound track or separate title eng
050 ## - LIBRARY OF CONGRESS CALL NUMBER
Classification number 346.410438
100 ## - MAIN ENTRY--PERSONAL NAME
Personal name Moeran, Edward
245 ## - TITLE STATEMENT
Title Moeran`s practical conveyancing.
250 ## - EDITION STATEMENT
Edition statement 12th ed.
260 ## - PUBLICATION, DISTRIBUTION, ETC.
Place of publication, distribution, etc. London
Name of publisher, distributor, etc. Longman
Date of publication, distribution, etc. 1991
300 ## - PHYSICAL DESCRIPTION
Extent xii,233p. ; 24cm.
350 ## - PRICE (NR) (BK AM CF MU VM SE) [OBSOLETE]
Price 30
490 ## - SERIES STATEMENT
Series statement Longman Practitioner Series
520 ## - SUMMARY, ETC.
Summary, etc. The latest edition of a step by step guide to conveyancing, which includes checklists, specimen letters and forms.
690 ## - LOCAL SUBJECT ADDED ENTRY--TOPICAL TERM (OCLC, RLIN)
Topical term or geographic name as entry element PROPERTY LAW AND PRACTICE
700 ## - ADDED ENTRY--PERSONAL NAME
Personal name Coates, R.M.
International Standard Serial Number Editor
942 ## - ADDED ENTRY ELEMENTS (KOHA)
Suppress in OPAC 0
948 ## - LOCAL PROCESSING INFORMATION (OCLC); SERIES PART DESIGNATOR (RLIN)
c (OCLC) 04/03/1997
Holdings
Withdrawn status Lost status Source of classification or shelving scheme Damaged status Not for loan Home library Current library Shelving location Date acquired Cost, normal purchase price Total Checkouts Full call number Barcode Date last seen Date last checked out Copy number Cost, replacement price Price effective from Koha item type
    Dewey Decimal Classification     London London Books 23/01/1992 30.00 2 346.410438 30029090 06/08/2019 10/01/2002 1 30.00 06/08/2019 Book